|
|
|
|
| LEADER |
00000nam0a2200000 4500 |
| 001 |
341425 |
| 005 |
20231102005337.0 |
| 010 |
|
|
|a 9785170966165
|
| 035 |
|
|
|a (RuTPU)RU\TPU\book\369319
|
| 090 |
|
|
|a 341425
|
| 100 |
|
|
|a 20180917d2017 m y0rusy50 ca
|
| 101 |
1 |
|
|a rus
|c eng
|
| 102 |
|
|
|a RU
|
| 105 |
|
|
|a y z 000ay
|
| 200 |
1 |
|
|a Сыновья Ананси
|e пер. с англ.
|f Н. Гейман
|
| 210 |
|
|
|a Москва
|c АСТ
|d 2017
|
| 215 |
|
|
|a 384 с.
|
| 225 |
1 |
|
|a Мастера магического реализма
|
| 330 |
|
|
|a Толстяк Чарли Нанси, скромный, лишенный амбиций житель Лондона, ведет приготовления к свадьбе, когда узнает о смерти своего горе-папаши. Вечно ставивший Толстяка Чарли в неловкое положение, тот и умер словно в насмешку: флиртуя с девушками в караоке-баре. С этого момента жизнь Толстяка Чарли начинает рушиться. Чтобы вновь обрести себя, ему придется обратиться за помощью к ведьмам, отправиться на край света, потерять невесту и... спеть?
|
| 606 |
1 |
|
|a Английская литература
|2 stltpush
|3 (RuTPU)RU\TPU\subj\29042
|9 52454
|
| 610 |
1 |
|
|a фантастика
|
| 610 |
1 |
|
|a фэнтези
|
| 610 |
1 |
|
|a романы
|
| 675 |
|
|
|a 82
|v 4
|
| 700 |
|
1 |
|a Гейман
|b Н.
|g Нил
|
| 801 |
|
1 |
|a RU
|b 63413507
|c 20180917
|
| 801 |
|
2 |
|a RU
|b 63413507
|c 20181003
|g RCR
|
| 942 |
|
|
|c BK
|